Foot: Pays membres d'une autre Confédération que leur continent - Statistiques

Statistiques générales
  • Ce quiz a été pris 90 fois
  • Le résultat moyen est 8 sur 11
Statistiques - réponses
Réponse % Correct
Australie
90%
Israël
88%
Turquie
87%
Arménie
84%
Géorgie
84%
Azerbaïdjan
83%
Chypre
73%
Kazakhstan
67%
Guyana
60%
Suriname
59%
Guam
14%
Aucun quiz correspondant
Distribution des résultats
% des personnes avec chaque résultat
Percentile par nombre de réponses
Votre historique - résultats
Vous n’avez pas pris ce quiz